| 000 | 01104cam a22002777a 4500 | ||
|---|---|---|---|
| 999 |
_c27507 _d27507 |
||
| 001 | 13348678 | ||
| 005 | 20170208155954.0 | ||
| 008 | 030922s2003 caua 000 0 eng d | ||
| 010 | _a 2003113100 | ||
| 020 | _a0974491802 | ||
| 035 | _a(DLC)13348678 | ||
| 040 |
_aMIA _cMIA _dFUG _dDLC |
||
| 042 | _alccopycat | ||
| 050 | 0 | 0 |
_aN7430.5 _b.N39 2003 |
| 100 | 1 |
_aNelson, George, _d1908-1986. |
|
| 245 | 1 | 0 |
_aHow to see : _ba guide to reading our man-made environment / _cGeorge Nelson. |
| 246 | 1 | 8 |
_aGeorge Nelson : _bhow to see |
| 260 |
_aOakland, Calif. : _bDesign Within Reach, _cc2003. |
||
| 300 |
_axxi, 140 p. ; _bill. (some col.) ; _c23 cm. |
||
| 500 | _aRev. ed. of: How to see. Boston : Little, Brown, 1977. | ||
| 650 | 0 | _aVisual perception. | |
| 906 |
_a7 _bcbc _ccopycat _d3 _encip _f20 _gy-gencatlg |
||
| 942 |
_2lcc _cBOOKS _hN 7430.5 N39 2003 |
||